000 00882cam a22003013a 4500
001 0000731
003 DO-SdBNP
005 20180117110552.0
007 0000731
008 861112 2008 sp a 000 0 spa d
010 _a
020 _a9788426107749
040 _aBPMSU
_cspa
_dBPMSU
_d
100 1 _aBlyton, Enid
_d1897-1968
240 1 0 _aFive go adventures again /
245 1 0 _aOtra aventura de los cinco /
_cEnid Blyton ; traducción Juan Ríos de la Rosa ; ilustraciones Enrique Ventura
250 _a24a. ed.
260 _aBarcelona, España :
_bJuventud,
_c2008.
300 _a182 p. :
_bil.
_c20 cm.
490 0 _aLos cinco
_v2
600 0 0 _a
_x
700 1 2 _aRíos de la Rosa, Juan
_etrad.
700 1 2 _aVentura, Enrique
_eil.
830 0 _aLos cinco
_n2
942 _2ddc
_cBK
945 _aInventariado, 2018 / YL
956 _aYLOCKWARD
_b10
_cBPMSU
_d17012018
999 _c11605
_d11605